Music Quiz

Random Music or Album Quiz

Indie Rock Album Covers Quiz Stats

 Plays Quiz not verified by Sporcle

Challenge
Share
Tweet
Score 0/20 Timer 07:00
0 Plays Today
% Correct
Funeral- Arcade Fire
84.6%
Is This It- The Strokes
73.5%
White Blood Cells- The White Stripes
73.5%
Yankee Hotel Foxtrot- Wilco
72.1%
In The Aeroplane Over The Sea- Neutral Milk Hotel
72.1%
Turn On The Bright Lights- Interpol
66.2%
Doolittle- Pixies
64%
Sam's Town- The Killers
58.8%
Boxer- The National
55.1%
Favourite Worst Nightmare- Arctic Monkeys
52.9%
% Correct
Modern Vampires of the City- Vampire Weekend
52.2%
Either/Or- Elliott Smith
49.3%
The Moon & Antarctica- Modest Mouse
43.4%
Oh, Inverted World- The Shins
41.2%
The Glow Pt. 2- The Microphones
37.5%
Halcyon Digest- Deerhunter
34.6%
Keep It Like A Secret- Built to Spill
28.7%
I'm Wide Awake, It's Morning- Bright Eyes
27.2%
Diary- Sunny Day Real Estate
26.5%
Emergency and I- The Dismemberment Plan
26.5%

You're not logged in!

Compare scores with friends on all Sporcle quizzes.
OR
Log In

You Might Also Like...

Show Comments

Extras

Top Quizzes Today


Score Distribution

Your Account Isn't Verified!

In order to create a playlist on Sporcle, you need to verify the email address you used during registration. Go to your Sporcle Settings to finish the process.

Report this User

Report this user for behavior that violates our Community Guidelines.

Details: